Judgmental forecasts in a competitive environment: rational vs. adaptive expectations.

Testujú sa dve alternatívne hypotézy - racionálne a adaptívne očakávanie - na preskúmanie ako efektívne a účinne manažéri využívajú informácie na tvorbu predpovedí. Použité boli údaje zo simulovaného konkurenčného prostredia trhu na analýzu procesu tvorby očakávaní ohľadne základných mikropremenných...

Descripción completa

Guardado en:
Detalles Bibliográficos
Autor principal: Glazer, R.
Otros Autores: Steckel, J.H, Wimer, R.S
Formato: Capítulo de libro
Lenguaje:inglés
Materias:
Etiquetas: Agregar Etiqueta
Sin Etiquetas, Sea el primero en etiquetar este registro!

MARC

LEADER 00000naa a2200000 4500
001 r001480
005 20220818111057.8
041 0 |a eng 
044 |a NL 
245 1 0 |a Judgmental forecasts in a competitive environment: rational vs. adaptive expectations.  |c R. Glazer, J.H. Steckel, R.S. Wimer 
520 |a Testujú sa dve alternatívne hypotézy - racionálne a adaptívne očakávanie - na preskúmanie ako efektívne a účinne manažéri využívajú informácie na tvorbu predpovedí. Použité boli údaje zo simulovaného konkurenčného prostredia trhu na analýzu procesu tvorby očakávaní ohľadne základných mikropremenných, ako je veľkosť trhu, počet konkurujúcich výrobkov a priemerná výrobná cena. 
610 2 0 |a prognózovanie 
610 2 0 |a trh 
610 2 0 |a konkurencia 
610 2 0 |a ceny výrobné 
610 2 0 |a informácie 
610 2 0 |a testovanie hypotéz 
610 2 0 |a manažment 
100 1 |a Glazer, R. 
700 1 |a Steckel, J.H. 
700 1 |a Wimer, R.S.